00630nam a2200205Ia 4500003000400000005001700004008004100021020001500062040001800077041000800095082002000103100002400123245006200147250001200209260004600221300003000267650003400297650003800331650005500369OSt20260113164753.0210716s1988 xx 000 0 und d a997151057X cAIMIT LIBRARY aeng a006.6 21bAMML aAmmeraal, Leendert. aInteractive 3d computer graphics /cBy Leendert Ammeraal. a1st ed. aSingapore :bJohn Wiley and Sons ,c1988. aviii,254p. ;bPBc24.2 cm aDesigning in three dimensions aApplications and utility programs aC programs to generate input files for program D3D